000 00267nam a22001337a 4500
020 _a978-93-5007-774-0
082 _a474
_bNCERT/V
100 _aNCERT
245 _aVYAKARANVIDHI
260 _aDELHI
_bNCERT
300 _a228
650 _aGRAMMAR
_zDELHI
942 _cBK
999 _c4219
_d4219